| 000 | 00777nam a2200229Ia 4500 | ||
|---|---|---|---|
| 003 | OSt | ||
| 005 | 20260312095052.0 | ||
| 008 | 210716s2006 xx 000 0 und d | ||
| 020 | _a9788120330072 | ||
| 040 | _cAIMIT LIBRARY | ||
| 041 | _aeng | ||
| 082 |
_a658.404 _bBIAB |
||
| 100 |
_aBiafore, Bonnie. _9257137 |
||
| 245 |
_aOn time on track on target : _bmanaging your projects successfully with microsoft project / _cBy Bonnie Biafore. |
||
| 250 | _a1st ed. | ||
| 260 |
_aNew Delhi : _bPrentice Hall of India PVt Ltd , _c2006. |
||
| 300 |
_a xxii,373 p.; _bPB _c24 cm. |
||
| 650 |
_aObtaining commitment for a project _9257138 |
||
| 650 |
_aEvaluating project performance _9257139 |
||
| 650 |
_aModifying the project schedule _9257140 |
||
| 942 |
_2ddc _cBK _k658.404 BIAB |
||
| 999 |
_c187727 _d187727 |
||